000 00343nam a2200145Ia 4500
008 191201s2012 xx 000 0 und d
082 _a690
_bPUB
100 _aPUNMIA, BC
245 0 _aBuilding Construction
250 _a10th Rep
260 _aN. Delhi
_bLaxmi Publications
_c2012
300 _a666
650 _aB.Tech(CE)
942 _2ddc
_cBK
999 _c5514
_d5514